• 首页
  • 本馆介绍
  • 公告通知
  • 最新文献
  • 馆藏检索
  • 电子资源
  • 读者导购
  • 参考咨询
  • 我的图书馆
  • 登录
  • 详细信息显示
  • 放入我的书架
  • 预约/预借图书
  • 作者相关作品
  • 分类相关作品
  • 丛书相关作品
  • 出版社相关作品

书目信息

  • 表格格式
  • 工作单格式
  • 卡片格式
题名:
宝宝心语
    
 
作者: 茅红美 主编
分册:  
出版信息: 上海   上海教育出版社  2017
页数: 25,293页
开本: 24cm
丛书名: 上海教育丛书
单 册:
中图分类: B844.11
科图分类:
主题词: 婴幼儿心理学--通俗读物
电子资源:
ISBN: 978-7-5444-7280-7
000 00851oam2 2200241 450
001 7003
005 20180604161422.83
010    @a978-7-5444-7280-7@dCNY39.80
100    @a20170802d2017 em y0chiy50 ea
101 0  @achi
102    @aCN@b310000
105    @aa z 000yy
200 1  @a宝宝心语@9bao bao xin yu@f茅红美主编
210    @a上海@c上海教育出版社@d2017
215    @a25,293页@c照片@d24cm
225 2  @a上海教育丛书
330    @a本书分宝宝成长故事解析和宝宝成长关键经验两篇,主要内容包括:感知探索类成长故事解析;语言认知类成长故事解析;情感社会类成长故事解析;生活习惯类成长故事解析;0~1岁宝宝成长关键经验;1~2岁宝宝成长关键经验等。
461  0 @12001 @a上海教育丛书
606 0  @a婴幼儿心理学@j通俗读物
690    @aB844.11@v5
701  0 @a茅红美@9mao hong mei@4主编
801  0 @aCN@b91MARC@c20170802
905    @aMuseLib@dB844.11@e2385
    
    宝宝心语/茅红美主编.-上海:上海教育出版社,2017
    25,293页:照片;24cm.-(上海教育丛书)
    
    
    ISBN 978-7-5444-7280-7:CNY39.80
    本书分宝宝成长故事解析和宝宝成长关键经验两篇,主要内容包括:感知探索类成长故事解析;语言认知类成长故事解析;情感社会类成长故事解析;生活习惯类成长故事解析;0~1岁宝宝成长关键经验;1~2岁宝宝成长关键经验等。
●
相关链接 在E读中查询图书 在五车中查询图书 在当当中查询图书 在豆瓣中查询图书


正题名:宝宝心语     索取号:B844.11/2385         预约/预借

序号 登录号 条形码 馆藏地/架位号 状态 备注
1 1116077   211160777   第一样本阅览室/ [索取号:B844.11/2385] 在馆    
2 1116078   211160786   教育系资料室/ [索取号:B844.11/2385] 在馆    
3 1116079   211160795   教育系资料室/ [索取号:B844.11/2385] 在馆    
4 1116080   211160802   第一借阅区/ [索取号:B844.11/2385] 在馆    
唐山师范学院图书馆 欢迎您!
大连网信软件有限公司© 版权所有